Niall Horan - The Show (All Lyrics) - Statistics

General Stats
  • This quiz has been taken 153 times
  • The average score is 229 of 295
Answer Stats
Answer % Correct
the
99%
a
98%
is
92%
So
92%
Life
91%
like
90%
no
90%
no?
90%
some
90%
time
90%
we
90%
game
89%
of
89%
ever
88%
every
88%
everything
88%
how
88%
How
88%
show
88%
was
88%
board
87%
broke
87%
easy
87%
know
87%
you
87%
If
86%
if
86%
not
86%
simple
86%
to
86%
and
85%
fake
84%
nothing
84%
your
83%
it
82%
it,
82%
tears
82%
would
82%
fix
80%
ready
80%
smile
80%
for
79%
ride
78%
get
76%
have
76%
yeah
76%
Mistakes
75%
Hold
72%
hold
72%
though?
71%
tight
70%
tight,
70%
paint
67%
We're
65%
by
64%
good
64%
heartbreaks
64%
light
64%
broken
60%
dance
59%
Looking
59%
oh
59%
Oh
59%
flies
58%
floor
58%
there's
58%
at
57%
night
57%
whole
57%
cause
55%
crime
55%
sun
55%
are
53%
blinded
53%
through
53%
Got
52%
hurry
52%
our
51%
better
50%
lights
50%
plans
50%
lives
49%
stars
49%
with
48%
again
47%
around
47%
still
47%
Dancin'
46%
all
45%
But
45%
comes
45%
It's
43%
skies
43%
Gravity
41%
arms
40%
wraps
40%
ends
38%
her
37%
party
37%
until
37%
fun
36%
had
36%
games
34%
creepin'
32%
under
29%
Ooh
20%
No matching quizzes found
Score Distribution
Percent of People with Each Score
Percentile by Number Answered
Your Score History
You have not taken this quiz